Statistiques concernant Quiz Harry Potter en français

Cliquez ici pour prendre le quiz!

Statistiques générales

  • Ce quiz a été pris 2 423 fois
  • Le résultat moyen est 21 sur 31

Statistiques - réponses

HintRéponse% Correct
J'ai une cicatrice sur le frontHarry Potter
100%
J'aime tuer puis je disparais et je reviens 2 fois avant de réapparaitre pour de bonVoldemort
90%
Je me suis évadé d'Azkaban mais j'étais innocentSirius Black
88%
Je suis la plus intelligente de toute l'écoleHermione Granger
87%
Je suis un Moldu et je déteste les sorciersVernon Dursley
87%
Je suis le plus grand sorcier de tous les tempsAlbus Dumbledore
85%
Nous avons une grande ressemblance et nous adorons faire des blaguesFred et George Weasley
83%
Je suis le dernier garçon d'une immense familleRon Weasley
83%
Je suis un sorcier et j'adore les MoldusArthur Weasley
79%
Je ressemble à un cochon et j'en ai déjà eu une queueDudley Dursley
79%
J'ai 2 gros gardes-du-corps et mon père est un MangemortDrago Malefoy
77%
Je suis dans la lune et mon père dirige un journalLuna Lovegood
77%
Il me manque un nez,une jambe et un oeilAlastor Maugrey
76%
J'étais un Mangemort mais je suis devenu un agent doubleSeverus Rogue
76%
J'ai toujours peur de ce que diraient les voisins si ils voyaient mon neveuPétunia Dursley
75%
Tout le monde se moquait de moi mais j'ai tué un serpentNeville Londubat
73%
Je déteste les centaures et personne ne m'aimeDolores Ombrage
72%
Je n'ai que des frères mais je suis redoutableGinny Weasley
70%
Je suis un imposteur et j'ai perdu la mémoireGilderoy Lockhart
69%
Je suis très grand très gentil et pas très intelligentRubeus Hagrid
69%
Je suis le meilleur prof de DCFMRemus Lupin
64%
Je suis idiot et j'ai trahi mes amisPeter Pettigrow
62%
J'ai insulté un jeune garçon et j'ai gonflé comme un ballonMarge Dursley
61%
Je peux changer la couleur de mes cheveux comme je veuxNymphadora Tonks
57%
Je suis complètement dingue et j'adore tuerBellatrix Lestrange
54%
J'ai laissé tomber ma famille pour le Ministère de la MagiePercy Weasley
49%
Je n'ai pas de pouvoirs magiques du coup un esprit frappeur m'embêteArgus Rusard
44%
Je ne connais pas de ministre plus stupide que moiCornelius Fudge
44%
Je cache le numéro 4 derrière ma teteQuirinus Quirell
33%
J'organise des fetes et tout le monde m'aimeHorace Slughorn
21%
Je suis un Moldu mais j'adore les sorciersJakob Kowalski
1%

Distribution des résultats

Percentile par nombre de réponses

% des personnes avec chaque résultat

Votre développement - résultats

Vous n’avez pas pris ce quiz